Flags of Countries that border China - Sudden Death - Statistics

General Stats
  • This quiz has been taken 38 times
  • The average score is 10 of 14
Answers on the Grid
Answers color-coded by a green-red scale on the quiz's grid according to % correct below.
1920px-Flag_of_India.svg.png
1920px-Flag_of_Russia.svg.png
960px-Flag_of_Nepal.svg.png
1920px-Flag_of_the_Taliban.svg.png
1920px-Flag_of_Vietnam.svg.png
1920px-Flag_of_Bhutan.svg.png
1920px-Flag_of_Kyrgyzstan.svg.png
1920px-Flag_of_Laos.svg.png
1920px-Flag_of_Myanmar.svg.png
1920px-Flag_of_Pakistan.svg.png
1920px-Flag_of_Kazakhstan.svg.png
1920px-Flag_of_Mongolia.svg.png
1920px-Flag_of_North_Korea.svg.png
1920px-Flag_of_Tajikistan.svg.png
1920px-Flag_of_South_Korea.svg.png
1920px-Flag_of_Uzbekistan.svg.png
1920px-Flag_of_Turkmenistan.svg.png
1920px-Flag_of_Thailand.svg.png
1920px-Flag_of_Cambodia.svg.png
1920px-Flag_of_Malaysia.svg.png
1920px-Flag_of_Japan.svg.png
1920px-Flag_of_Azerbaijan.svg.png
1920px-Flag_of_Singapore.svg.png
1920px-Flag_of_Indonesia.svg.png
1920px-Flag_of_Bangladesh.svg.png
 
Answer Stats
Answer % Correct
1920px-Flag_of_Bhutan.svg.png
90%
960px-Flag_of_Nepal.svg.png
90%
1920px-Flag_of_Russia.svg.png
90%
1920px-Flag_of_Mongolia.svg.png
86%
1920px-Flag_of_Vietnam.svg.png
81%
1920px-Flag_of_North_Korea.svg.png
81%
1920px-Flag_of_India.svg.png
81%
1920px-Flag_of_Pakistan.svg.png
76%
1920px-Flag_of_Myanmar.svg.png
67%
1920px-Flag_of_Laos.svg.png
62%
1920px-Flag_of_Kazakhstan.svg.png
62%
1920px-Flag_of_Kyrgyzstan.svg.png
52%
1920px-Flag_of_Tajikistan.svg.png
52%
1920px-Flag_of_the_Taliban.svg.png
48%
No matching quizzes found
Score Distribution
Percent of People with Each Score
Percentile by Number Answered
Your Score History
You have not taken this quiz